Statistics for Countries Furthest from Kazakhstan #2

Click here to take the quiz!

General Stats

  • This quiz has been taken 1,966 times
    (1,734 since last reset)
  • The average score is 17 of 20

Answer Stats

kmcountrymiles% Correct
18,657Argentina11,593
97%
18,800Chile11,682
97%
16,391Brazil10,185
96%
16,235Paraguay10,088
93%
16,239Peru10,090
92%
16,757Uruguay10,412
92%
16,380Bolivia10,178
91%
14,193Venezuela8819
90%
15,417Ecuador9680
89%
13,487Suriname8381
89%
14,868Colombia9239
88%
13,699Guyana8512
87%
13,660Panama8488
86%
15,877New Zealand9865
80%
13,602Costa Rica8452
76%
14,311Fiji8893
73%
14,850Tonga9227
71%
14,603Samoa9074
70%
14,221Kiribati8837
69%
13,501Vanuatu8389
62%

Score Distribution

Percentile by Number Answered

Percent of People with Each Score

Your Score History

You have not taken this quiz since the last reset